Online
Catalog

Kennedy y los Trujillo / (Record no. 2877)

MARC details
000 -CABECERA
campo de control de longitud fija 01097nam a2200277 u 4500
001 - NÚMERO DE CONTROL
campo de control 000003046
003 - IDENTIFICADOR DEL NÚMERO DE CONTROL
campo de control DO-SdBNP
005 - FECHA Y HORA DE LA ÚLTIMA TRANSACCIÓN
campo de control 20240409073637.0
008 - DATOS DE LONGITUD FIJA--INFORMACIÓN GENERAL
campo de control de longitud fija 090706s1991 dr ac 001 0 spa d
040 ## - FUENTE DE LA CATALOGACIÓN
Centro catalogador/agencia de origen DO-SdBNP
Lengua de catalogación spa
Centro/agencia transcriptor BNPHU
082 ## - NÚMERO DE LA CLASIFICACIÓN DECIMAL DEWEY
Número de clasificación 972.93053
Número de documento/Ítem V422k
100 1# - ENTRADA PRINCIPAL--NOMBRE DE PERSONA
Nombre de persona Vega, Bernardo,
Fechas asociadas al nombre 1938 -
9 (RLIN) 3222
245 10 - MENCIÓN DE TÍTULO
Título Kennedy y los Trujillo /
Mención de responsabilidad, etc. Bernardo Vega.
260 ## - PUBLICACIÓN, DISTRIBUCIÓN, ETC.
Lugar de publicación, distribución, etc. Santo Domingo :
Nombre del editor, distribuidor, etc. Fundación Cultural Dominicana,
Fecha de publicación, distribución, etc. 1991.
300 ## - DESCRIPCIÓN FÍSICA
Extensión 423 p. :
Otras características físicas il. ;
Dimensiones 27 cm.
500 ## - NOTA GENERAL
Nota general Icluye índice onomástico.
500 ## - NOTA GENERAL
Nota general Incluye archivos consultados y sus siglas.
500 ## - NOTA GENERAL
Nota general Incluye notas al pie de la página y notas generales por capítulos.
600 10 - PUNTO DE ACCESO ADICIONAL DE MATERIA--NOMBRE DE PERSONA
Nombre de persona Kennedy, John F.,
Forma completa/desarrollada del nombre John Fitgerald
Fechas asociadas al nombre 1917-1963
9 (RLIN) 3189
600 10 - PUNTO DE ACCESO ADICIONAL DE MATERIA--NOMBRE DE PERSONA
Nombre de persona Trujillo Molina, Rafael Leónidas,
Fechas asociadas al nombre 1891-1961
9 (RLIN) 76764
651 14 - PUNTO DE ACCESO ADICIONAL DE MATERIA--NOMBRE GEOGRÁFICO
Nombre geográfico República Dominicana
Subdivisión general Historia
Subdivisión cronológica 1961-1965
9 (RLIN) 480
651 14 - PUNTO DE ACCESO ADICIONAL DE MATERIA--NOMBRE GEOGRÁFICO
Nombre geográfico Estados Unidos
Subdivisión general Relaciones Exteriores
Subdivisión geográfica República Dominicana
9 (RLIN) 6309
651 #4 - PUNTO DE ACCESO ADICIONAL DE MATERIA--NOMBRE GEOGRÁFICO
Nombre geográfico República Dominicana
Subdivisión general Relaciones Exteriores
Subdivisión geográfica Estados Unidos
9 (RLIN) 6308
910 ## - DATOS DE OPCIÓN DEL USUARIO (OCLC)
Datos de opción del usuario Validado. Control de calidad MMOLINA
942 ## - ELEMENTOS DE PUNTO DE ACCESO ADICIONAL (KOHA)
Fuente del sistema de clasificación o colocación Dewey Decimal Classification
Tipo de ítem Koha Libro
Holdings
Estado de retiro Estado de pérdida Restricciones de uso No para préstamo Código de colección Localización permanente Ubicación/localización actual Ubicación en estantería Fecha de adquisición Número de inventario Total de préstamos Signatura topográfica completa Código de barras Fecha visto por última vez Número de copia Precio válido a partir de Tipo de ítem Koha Fuente de adquisición Nota pública
    Préstamo interno   Dominicana de Servicio General General En catalogación 29.07.2010 LF1   972.93053 V422k 3046-40 25.06.2020 e. 4 25.06.2020 Libro y Folleto Colección Dominicana de Servicio    
    Préstamo interno   Dominicana de Servicio General General En catalogación 30.05.2011 LF1   972.93053 V422k 3046-50 25.06.2020 e. 5 25.06.2020 Libro y Folleto Colección Dominicana de Servicio    
    Préstamo interno   Dominicana de Servicio General General En catalogación 06.07.2009 LF1   972.93053 V422k 3046-30 25.06.2020 e. 3 25.06.2020 Libro y Folleto Colección Dominicana de Servicio 031141  
      Excluido de préstamo Patrimonio Dominicano Patrimonio Dominicano Patrimonio Dominicano En catalogación 06.07.2009 LF1   972.93053 V422k 3046-20 25.06.2020 e. 2 25.06.2020 Libro y Folleto Colección Patrimonio Dominicano 031142  
      Excluido de préstamo Patrimonio Dominicano Patrimonio Dominicano Patrimonio Dominicano En catalogación 06.07.2009 LF1   972.93053 V422k 3046-10 25.06.2020   25.06.2020 Libro y Folleto Colección Patrimonio Dominicano 035034 Perteneció a la biblioteca personal de Germán Emilio Ornes. Dedicado

Powered by Koha